000 00577nam a2200181 i 4500
001 83754
003 ES-MaACL
005 20230906174903.0
007 t|
008 041118s1972 sp ||||1| cat d
100 1 _aJarque i Jutglar, Joan E.
_966138
245 1 3 _aLa fe de l'home d'avui?
_b: la resposta de Teilhard de Chardin /
_cJoan E. Jarque ; [traduida per Ramón Tomás i Farell].
250 _a[1ª ed.].
260 _aBarcelona :
_bLaia,
_c[1972]
300 _a204 p. ;
_c20 cm.
700 1 _aTomás i Farell, Ramón.
_9110520
852 _aES-MaACL
_jC-54082
_bR.81886
999 _c83754
_d83754